| 000 | 01331nam a2200253Ia 4500 | ||
|---|---|---|---|
| 003 | Ost | ||
| 005 | 20260507075301.0 | ||
| 008 | 260507s9999||||xx |||||||||||||| ||und|| | ||
| 020 | _a80558299579 | ||
| 040 | _cfsecg | ||
| 041 | _aara | ||
| 082 | _a330 | ||
| 100 |
_aفياض، عرفات ابراهيم _eمؤلف |
||
| 245 | 0 |
_aإدارة التأمين و المخاطر / _c عرفات ابراهيم فياض |
|
| 260 |
_aعمان: _bدار البداية, _c2011 |
||
| 300 |
_a200 صفحة؛ _bإيضاحات ؛ _c25 سم |
||
| 520 | _aأنواع التأمين ، الهيكل التنظيمي لشركات التأمين و هيكل النظام المحاسبي في هذه الشركات ، سجلات شركات التأمين و سجل التعديلات و الالغاءات ، عمليات قسم التأمين على الحياة ة تكوين الاموال و عمليات إعادة التامين ، الحسابات الختامية و الميزانية في شركات التامين ، مقدمة في الترويج التجاري ، أساسيات في ادارة المصارف . | ||
| 653 | _aالأخطار | ||
| 653 | _aالأخطار ــ ادارة | ||
| 653 | _aالإدارة | ||
| 653 | _aالتأمين ـ إدارة | ||
| 653 | _aالتأمين - البنوك | ||
| 942 | _cكتاب | ||
| 999 |
_c43793 _d43793 |
||